000 00709cam a2200253 4500
008 090401t1995 xxu||||| |||| 00| 0 eng d
020 _a1860810217
035 _a(Sirsi) u58813
041 _aeng
050 _a690.25
100 _aHunter, C.A.
245 _aControlling mould growth by using fungicidal paints.
260 _aGarston, Watford
_bBuilding Research Establishment
_c1995
300 _a(4)p. : ill. ; 30cm.
350 _a0
490 _aBRE Information Paper
_v12/95
650 _aDAMP
650 _aFUNGICIDAL PAINTS
650 _aMOULD GROWTH
690 _aBUILT ENVIRONMENT-BUILDING PATHOLOGY
710 _aBuilding Research Establishment
942 _n0
948 _c04/03/1997
999 _c94110
_d94110